000
00367nam a2200157Ia 4500
008
151213s9999 xx 000 0 und d
100
_a
H, Weihrich
245
_a
Management
_c
H, Weihrich
250
_a
11th
260
_a
New York
_b
Mc Grow Hill
_c
2005
300
_a
4266 p.
650
_a
Management
650
_a
Management
700
_a
H, Weihrich
999
_c
2690
_d
2690